[Event "Lichtenberger Sommer 2023"]
[Site "Berlin"]
[Date "2023.08.12"]
[Round "1.28"]
[White "Tedesco, Gennaro"]
[Black "Syre, Christian"]
[Result "1/2-1/2"]
[WhiteElo "1712"]
[BlackElo "2119"]
[PlyCount "54"]
[EventDate "2023.??.??"]
[WhiteTeam "SC Kreuzberg e.V."]
[BlackTeam "SC Kreuzberg e.V."]

1. c4 c5 2. g3 Nc6 3. Bg2 g6 4. Nc3 Bg7 5. Nf3 e5 6. O-O Nge7 7. a3 O-O 8. Ne1
d6 9. Nc2 Rb8 10. Rb1 a6 11. b4 cxb4 12. axb4 b5 13. cxb5 axb5 14. Ne3 Be6 15.
Ned5 Nxd5 16. Nxd5 Ne7 17. Qb3 Kh8 18. d3 Qd7 19. Bg5 f6 20. Bd2 Rfc8 21. Rfc1
Nc6 22. Qd1 Nd4 23. Rxc8+ Qxc8 24. Rc1 Qg8 25. Ne7 Qe8 26. Nc6 Bb3 27. Qf1 Rc8
1/2-1/2

[Event "Lichtenberger Sommer 2023"]
[Site "Berlin"]
[Date "2023.08.12"]
[Round "1.29"]
[White "Stark, Ingo"]
[Black "Engelhardt, Erhard"]
[Result "1/2-1/2"]
[WhiteElo "2106"]
[BlackElo "1709"]
[PlyCount "88"]
[EventDate "2023.??.??"]
[WhiteTeam "TSG Oberschöneweide e.V."]
[BlackTeam "SSV Rotation Berlin e.V."]

1. e4 d5 2. exd5 Qxd5 3. Nf3 Nf6 4. d4 c6 5. Be2 Bf5 6. O-O h6 7. c4 Qd6 8. Nc3
e6 9. Ne5 Be7 10. Bf4 Qd8 11. Re1 O-O 12. Bf3 Nbd7 13. Qe2 Re8 14. Rad1 Bb4 15.
Qe3 Qe7 16. a3 Bxc3 17. Qxc3 Nxe5 18. Bxe5 Rac8 19. h3 Nd7 20. c5 Qg5 21. Kh2
Nf6 22. Qb3 Re7 23. g3 Qg6 24. Rd2 h5 25. Rde2 Nd5 26. Bd6 Rd7 27. Qd1 Nf6 28.
Qd2 Rcd8 29. Qa5 a6 30. Qb4 Ne8 31. Be5 Nf6 32. Qb3 Nd5 33. Qd1 Ne7 34. Qb3 Nd5
35. Qd1 Re8 36. Bd6 Red8 37. Qb3 Nf6 38. Qc3 Ne8 39. Qb4 Nf6 40. Qd2 Ne8 41.
Qb4 Bd3 42. Re3 Bf5 43. R3e2 Bd3 44. Re3 Bf5 1/2-1/2

[Event "Lichtenberger Sommer 2023"]
[Site "Berlin"]
[Date "2023.08.12"]
[Round "1.30"]
[White "Sakalli, Selcuk Orkun"]
[Black "Vogel, Robert"]
[Result "0-1"]
[WhiteElo "1706"]
[BlackElo "2104"]
[PlyCount "66"]
[EventDate "2023.??.??"]
[WhiteTeam "SC Zugzwang 95 e.V."]
[BlackTeam "SK München Südost e.V."]

1. d4 Nf6 2. c4 g6 3. Nc3 Bg7 4. e4 d6 5. h3 O-O 6. Be3 e5 7. Nge2 exd4 8. Nxd4
Re8 9. Qc2 Qe7 10. f3 c6 11. g4 Na6 12. Nde2 Nb4 13. Qd2 d5 14. g5 Nh5 15. cxd5
cxd5 16. Nxd5 Nxd5 17. Qxd5 Bxb2 18. Rb1 Bg7 19. Bc5 Qd8 20. Rd1 Qa5+ 21. Rd2
Be6 22. Qd6 Bf8 23. Qd4 Bxc5 24. Qb2 Bb4 25. Nc1 Bxd2+ 26. Qxd2 Qxd2+ 27. Kxd2
Ng3 28. Rg1 Nxf1+ 29. Rxf1 Red8+ 30. Ke3 Rac8 31. h4 Rc2 32. f4 Bg4 33. f5 Rd1
0-1

[Event "Lichtenberger Sommer 2023"]
[Site "Berlin"]
[Date "2023.08.12"]
[Round "1.31"]
[White "Plump, Detlef"]
[Black "Bunkens, Rudi"]
[Result "1-0"]
[WhiteElo "2089"]
[BlackElo "1694"]
[PlyCount "65"]
[EventDate "2023.??.??"]
[WhiteTeam "Bremer SG von 1877"]
[BlackTeam "Koninklijke Gentse SK"]

1. e4 c5 2. Nf3 d6 3. d4 cxd4 4. Nxd4 Nf6 5. Nc3 a6 6. h3 e5 7. Nde2 b5 8. Bg5
Be7 9. Nd5 Nxd5 10. Qxd5 Ra7 11. Bxe7 Rxe7 12. Qd2 Be6 13. Nc3 O-O 14. O-O-O b4
15. Nd5 Rb7 16. Bc4 Qc8 17. Qd3 Qc6 18. Ne3 Rd8 19. Rd2 Rc7 20. Bd5 Qc5 21. Qb3
Re8 22. Bxe6 Rxe6 23. Rhd1 Nc6 24. Rd5 Qa7 25. Rxd6 Rxd6 26. Rxd6 g6 27. Qd5
Nd4 28. Qxe5 Ne6 29. Rd2 Rc5 30. Nd5 Rc8 31. Qf6 Rb8 32. Ne7+ Kf8 33. Nc6 1-0

[Event "Lichtenberger Sommer 2023"]
[Site "Berlin"]
[Date "2023.08.12"]
[Round "1.32"]
[White "Glienke, Michael"]
[Black "Dathe, Frederick"]
[Result "0-1"]
[WhiteElo "1692"]
[BlackElo "2075"]
[PlyCount "58"]
[EventDate "2023.??.??"]
[WhiteTeam "SC Kreuzberg e.V."]
[BlackTeam "SC Kreuzberg e.V."]

1. f4 c5 2. Nf3 Nc6 3. e4 g6 4. Bc4 Bg7 5. O-O e6 6. Re1 Nge7 7. c3 O-O 8. d4
cxd4 9. cxd4 d5 10. exd5 exd5 11. Bb3 Bg4 12. Be3 Bxf3 13. Qxf3 Nxd4 14. Qd1
Nxb3 15. Qxb3 Re8 16. Nd2 b6 17. Rad1 Nf5 18. Bf2 Qf6 19. Rxe8+ Rxe8 20. Qxd5
Qxb2 21. Ne4 Qb4 22. Ng5 Qf8 23. g4 Ne3 24. Bxe3 Rxe3 25. Qb7 h6 26. Ne4 Qe8
27. Nd6 Re1+ 28. Rxe1 Qxe1+ 29. Kg2 Qd2+ 0-1

[Event "Lichtenberger Sommer 2023"]
[Site "Berlin"]
[Date "2023.08.12"]
[Round "1.33"]
[White "Niechotz, Christopher"]
[Black "Schilly, Hans-Joachim"]
[Result "1-0"]
[WhiteElo "2074"]
[BlackElo "1687"]
[PlyCount "139"]
[EventDate "2023.??.??"]
[WhiteTeam "SC Kreuzberg e.V."]
[BlackTeam "SF Siemensstadt"]

1. c4 c6 2. e3 d5 3. Nf3 e6 4. Nc3 Nf6 5. Be2 Bd6 6. d4 Nbd7 7. O-O O-O 8. Qc2
Re8 9. e4 dxe4 10. Ng5 Nf8 11. Ncxe4 Nxe4 12. Nxe4 Be7 13. Rd1 b6 14. Bf4 Ng6
15. Bc1 Bb7 16. b3 Qc7 17. Bb2 Rad8 18. Qc3 Bf8 19. Qg3 Qxg3 20. hxg3 c5 21.
Bf3 Bxe4 22. Bxe4 cxd4 23. Bxd4 e5 24. Be3 Be7 25. a4 Kf8 26. Kf1 Bb4 27. Bc6
Rxd1+ 28. Rxd1 Rc8 29. Be4 Ke7 30. Ke2 Nf8 31. Rd5 f6 32. g4 Rd8 33. Kd3 h6 34.
Bf5 Rxd5+ 35. cxd5 Kd6 36. Kc4 Bc5 37. Bxc5+ bxc5 38. Be4 Nd7 39. Kb5 Nb8 40.
g3 g6 41. Kc4 Nd7 42. a5 f5 43. gxf5 gxf5 44. Bxf5 Nf6 45. Be6 Ne4 46. f4 exf4
47. gxf4 h5 48. b4 cxb4 49. Kxb4 h4 50. Kc4 Nc5 51. Bh3 Ne4 52. Bg2 Nf2 53. Kb5
h3 54. Bf3 Nd3 55. f5 Ne5 56. Bh1 Nd7 57. Ka6 Nf6 58. Kxa7 Nxd5 59. Kb7 Nb4 60.
Kb6 h2 61. Kb5 Nd5 62. Bf3 Nc7+ 63. Kb6 Nd5+ 64. Kb7 Nb4 65. Kb6 Nd5+ 66. Kb5
Nc7+ 67. Kc4 Ke5 68. Kc5 Kxf5 69. Kb6 Kf4 70. Bh1 1-0

[Event "Lichtenberger Sommer 2023"]
[Site "Berlin"]
[Date "2023.08.12"]
[Round "1.34"]
[White "Aßmus, Sven"]
[Black "Krefenstein, Sergej"]
[Result "0-1"]
[WhiteElo "1683"]
[BlackElo "2065"]
[PlyCount "80"]
[EventDate "2023.??.??"]
[WhiteTeam "SV Mattnetz Berlin e.V."]
[BlackTeam "TuS Makkabi Berlin e.V."]

1. c4 Nf6 2. Nc3 e6 3. e4 c5 4. e5 Ng8 5. Nf3 Nc6 6. Nb5 b6 7. d4 cxd4 8. Nbxd4
Nxd4 9. Qxd4 Ne7 10. Bg5 Qc7 11. Qd6 Qxd6 12. exd6 Nf5 13. Rd1 Bxd6 14. a3 Be7
15. Bf4 Bb7 16. Be2 h5 17. O-O f6 18. Rfe1 g5 19. Bc1 g4 20. Nd4 Nxd4 21. Rxd4
O-O-O 22. b4 e5 23. Rdd1 d6 24. Bd3 Kc7 25. Be3 Bc6 26. Rc1 Rdf8 27. Bf5 Rd8
28. Bd3 Bd7 29. c5 bxc5 30. bxc5 d5 31. c6 Be6 32. Bxa7 Ra8 33. Bc5 Bxc5 34.
Rxc5 Rxa3 35. Bg6 Ra6 36. Rec1 h4 37. Bd3 Ra3 38. Bf1 Rb8 39. Be2 Rb2 40. Re1
Rxe2 0-1

[Event "Lichtenberger Sommer 2023"]
[Site "Berlin"]
[Date "2023.08.12"]
[Round "1.35"]
[White "Fartmann, Oliver"]
[Black "Pöltelt, Helmut"]
[Result "1-0"]
[WhiteElo "2065"]
[BlackElo "1673"]
[PlyCount "69"]
[EventDate "2023.??.??"]
[WhiteTeam "SV Mattnetz Berlin e.V."]
[BlackTeam "SC Eintracht Berlin e.V."]

1. d4 d5 2. c4 e6 3. Nf3 Nf6 4. Nc3 c6 5. e3 Bb4 6. Bd3 dxc4 7. Bxc4 Nbd7 8.
O-O O-O 9. Qe2 c5 10. a3 cxd4 11. axb4 dxc3 12. bxc3 Nb6 13. Bd3 Qc7 14. e4 e5
15. c4 Bg4 16. Bg5 Ne8 17. Rfc1 f6 18. Be3 Be6 19. c5 Nc8 20. b5 Rb8 21. b6
axb6 22. cxb6 Qf7 23. Bc5 Ned6 24. Nh4 g6 25. f4 Rd8 26. f5 gxf5 27. exf5 Bd5
28. Ra4 Kh8 29. Rg4 Rg8 30. Bxd6 Nxd6 31. Rc7 Qf8 32. Ng6+ Rxg6 33. fxg6 hxg6
34. Rxg6 Nf7 35. Qh5+ 1-0

[Event "Lichtenberger Sommer 2023"]
[Site "Berlin"]
[Date "2023.08.12"]
[Round "1.36"]
[White "Hieronimus, Matthias"]
[Black "Heuser, Philip"]
[Result "0-1"]
[WhiteElo "1673"]
[BlackElo "2061"]
[PlyCount "78"]
[EventDate "2023.??.??"]
[WhiteTeam "vereinslos"]
[BlackTeam "Münchener SC 1836 e.V."]

1. c4 c6 2. Nf3 d5 3. d4 Nf6 4. e3 Bg4 5. h3 Bh5 6. Nc3 e6 7. cxd5 exd5 8. Be2
Bd6 9. O-O Nbd7 10. a3 a5 11. Qc2 O-O 12. Re1 Re8 13. Nd2 Bxe2 14. Rxe2 Nb6 15.
b3 Bc7 16. Bb2 Qd6 17. Nf3 Ne4 18. Kf1 Nd7 19. Nxe4 dxe4 20. Ng1 Nf6 21. Rc1
Qh2 22. f4 Nh5 23. Kf2 g5 24. Ke1 Qxg1+ 25. Kd2 Qh2 26. g4 Qxh3 27. gxh5 Qxh5
28. Rg1 g4 29. Reg2 f5 30. Qc1 Qg6 31. Qc3 Qg7 32. Rh2 Re6 33. Rgh1 Rd8 34. Rh5
Rd5 35. b4 h6 36. Ke2 Kh7 37. Qc4 g3 38. b5 g2 39. Rg1 Qg4+ 0-1

[Event "Lichtenberger Sommer 2023"]
[Site "Berlin"]
[Date "2023.08.12"]
[Round "1.37"]
[White "Wirth, Heinz"]
[Black "Lorenz, Veronika"]
[Result "1/2-1/2"]
[WhiteElo "2060"]
[BlackElo "1668"]
[PlyCount "118"]
[EventDate "2023.??.??"]
[WhiteTeam "SC Weisse Dame e.V."]
[BlackTeam "TSG Oberschöneweide e.V."]

1. e4 e5 2. Nf3 Nc6 3. Bb5 a6 4. Ba4 Nf6 5. d3 b5 6. Bb3 Be7 7. O-O d6 8. c3
O-O 9. Nbd2 Na5 10. Bc2 c5 11. Re1 Qc7 12. Nf1 Bd7 13. Ng3 Ne8 14. a4 Rb8 15.
axb5 axb5 16. Nf5 Bxf5 17. exf5 Nc6 18. Qe2 Nf6 19. Bg5 Nd5 20. Qe4 Bxg5 21.
Qxd5 Bf6 22. Ra6 Rb6 23. Qa2 b4 24. Bb3 bxc3 25. bxc3 e4 26. Rxb6 Qxb6 27. Rxe4
Bxc3 28. Bxf7+ Kh8 29. h3 Nb4 30. Qc4 Bf6 31. Be6 Ra8 32. Re1 Qc6 33. d4 h6 34.
Rc1 Qa6 35. dxc5 dxc5 36. Qe4 Rd8 37. Bc4 Qa3 38. Re1 Qa8 39. Qe6 Qc8 40. Qf7
Rf8 41. Qg6 Nc6 42. Be6 Qc7 43. Qg4 Nd4 44. Qe4 Re8 45. Qd5 Nxf3+ 46. Qxf3 c4
47. Re2 c3 48. Bb3 Rb8 49. Qe4 Qd6 50. Qe8+ Qf8 51. Qa4 Ra8 52. Qb5 Qb8 53.
Qxb8+ Rxb8 54. Bc2 Rb2 55. g3 Kg8 56. Kg2 Kf8 57. Kf3 Bg5 58. Ke4 Bd2 59. Kd3
Rb5 1/2-1/2

[Event "Lichtenberger Sommer 2023"]
[Site "Berlin"]
[Date "2023.08.12"]
[Round "1.38"]
[White "Kreuchauf, Olaf"]
[Black "Federau, Jürgen"]
[Result "0-1"]
[WhiteElo "1667"]
[BlackElo "2054"]
[PlyCount "46"]
[EventDate "2023.??.??"]
[WhiteTeam "SC Eintracht Berlin e.V."]
[BlackTeam "SC Kreuzberg e.V."]

1. c4 e5 2. g3 Nc6 3. Bg2 g6 4. Nc3 Bg7 5. d3 d6 6. e4 Nge7 7. Nge2 O-O 8. O-O
a6 9. Rb1 f5 10. Bd2 Be6 11. h3 Qd7 12. Kh2 Kh8 13. Qc1 Nb4 14. a3 Nxd3 15. Qc2
Nc5 16. b4 Nxe4 17. Nxe4 fxe4 18. g4 c6 19. Bxe4 d5 20. cxd5 cxd5 21. Bg2 Rac8
22. Qd1 d4 23. Ng3 Bc4 0-1

[Event "Lichtenberger Sommer 2023"]
[Site "Berlin"]
[Date "2023.08.12"]
[Round "1.39"]
[White "Pueschel, Werner"]
[Black "Fock, Madiha"]
[Result "1-0"]
[WhiteElo "2054"]
[BlackElo "1667"]
[PlyCount "65"]
[EventDate "2023.??.??"]
[WhiteTeam "vereinslos"]
[BlackTeam "TSG Oberschöneweide e.V."]

1. c4 g6 2. g3 Bg7 3. Bg2 d6 4. e3 e5 5. Ne2 Nc6 6. Nbc3 Nge7 7. O-O O-O 8. a3
f5 9. d3 Be6 10. Nd5 Rb8 11. Nec3 a6 12. b4 b5 13. cxb5 axb5 14. Bb2 Qd7 15.
Rc1 e4 16. dxe4 Ne5 17. exf5 Nxf5 18. e4 Nd4 19. Ne2 Ndf3+ 20. Kh1 Bh3 21. Bxe5
Bxg2+ 22. Kxg2 Bxe5 23. Ng1 Nxg1 24. Rxg1 c6 25. Rxc6 Qf7 26. f4 Bg7 27. Qd3 g5
28. f5 Be5 29. Qf3 Rbc8 30. Rgc1 Rxc6 31. Rxc6 h5 32. Rc7 g4 33. Qe3 1-0

[Event "Lichtenberger Sommer 2023"]
[Site "Berlin"]
[Date "2023.08.12"]
[Round "1.40"]
[White "Uhlenbrock, Sven"]
[Black "Hommel, Niclas"]
[Result "0-1"]
[WhiteElo "1659"]
[BlackElo "2043"]
[PlyCount "92"]
[EventDate "2023.??.??"]
[WhiteTeam "vereinslos"]
[BlackTeam "TSG Oberschöneweide e.V."]

1. d4 Nf6 2. Bf4 e6 3. e3 c5 4. c3 b6 5. Nd2 Be7 6. h3 O-O 7. Ngf3 d6 8. Bd3
cxd4 9. exd4 Ba6 10. Bxa6 Nxa6 11. Qe2 Nc7 12. O-O Qd7 13. Bh2 b5 14. a3 Ncd5
15. Ne1 Rab8 16. Nd3 Rfc8 17. Rfe1 Nb6 18. Rab1 Nfd5 19. Nb4 a5 20. Nxd5 Nxd5
21. Ne4 Rb7 22. f4 Rbc7 23. Nd2 Nb6 24. Rec1 Bf6 25. Ne4 Bxd4+ 26. Kh1 d5 27.
Rd1 Bf6 28. Bg1 Qc6 29. Nxf6+ gxf6 30. Bxb6 Qxb6 31. f5 Rc4 32. Rd3 Rf4 33.
fxe6 fxe6 34. Re1 Re4 35. Rg3+ Kh8 36. Qf1 Rxe1 37. Qxe1 Qd6 38. Re3 e5 39. Rd3
b4 40. axb4 axb4 41. Qd1 Rd8 42. cxb4 d4 43. Ra3 d3 44. b5 e4 45. Ra6 Qe5 46.
Ra7 d2 0-1

[Event "Lichtenberger Sommer 2023"]
[Site "Berlin"]
[Date "2023.08.12"]
[Round "1.41"]
[White "Braeunlin, Herbert"]
[Black "Sklorz, Tobias"]
[Result "1-0"]
[WhiteElo "2040"]
[BlackElo "1658"]
[PlyCount "59"]
[EventDate "2023.??.??"]
[WhiteTeam "Bräunlin Kolb Schälicke Al"]
[BlackTeam "Tempelhofer SV Mariendorf 1897"]

1. e4 c5 2. Nf3 d6 3. c3 Nf6 4. Be2 Nc6 5. d4 cxd4 6. cxd4 Nxe4 7. d5 Qa5+ 8.
Nc3 Nxc3 9. bxc3 Ne5 10. Nxe5 Qxc3+ 11. Bd2 Qxe5 12. O-O Qxd5 13. Bf3 Qf5 14.
Re1 e5 15. Rb1 Qd7 16. Be2 a6 17. Ba5 Be7 18. Rc1 O-O 19. h3 Bd8 20. Bb4 Bc7
21. Rxc7 Qxc7 22. Bxd6 Qd8 23. Bxf8 Qxf8 24. Bf3 Qe7 25. Rxe5 Qf8 26. Qa4 b5
27. Qe4 Bb7 28. Qxb7 Rc8 29. Kh2 Rb8 30. Qxa6 1-0

[Event "Lichtenberger Sommer 2023"]
[Site "Berlin"]
[Date "2023.08.12"]
[Round "1.42"]
[White "Müller, Johannes"]
[Black "Hoffmann, Kay"]
[Result "0-1"]
[WhiteElo "1651"]
[BlackElo "2036"]
[PlyCount "88"]
[EventDate "2023.??.??"]
[WhiteTeam "SC Eintracht Berlin e.V."]
[BlackTeam "Barnimer SF im SV Sta"]

1. e4 e5 2. Nc3 Nf6 3. g3 Nc6 4. Bg2 Bc5 5. d3 h6 6. Nge2 O-O 7. O-O d6 8. Na4
Bb6 9. h3 Be6 10. Kh2 Nd7 11. Nxb6 axb6 12. a3 b5 13. f4 f5 14. exf5 Bxf5 15.
g4 Bh7 16. f5 Qh4 17. Qe1 Qxe1 18. Rxe1 h5 19. Bd2 hxg4 20. hxg4 Nf6 21. Bh3 e4
22. g5 Ne5 23. g6 Nf3+ 24. Kg2 Nxd2 25. gxh7+ Nxh7 26. dxe4 Nxe4 27. Nd4 Nhg5
28. Nxb5 Ra5 29. Nd4 Rd5 30. c3 c5 31. Nf3 Nxh3 32. Rxe4 Rdxf5 33. Re3 Nf4+ 34.
Kf2 Nd5 35. Rd3 c4 36. Rxd5 Rxd5 37. Kg3 Rd3 38. Rf1 g5 39. Kg4 Rf4+ 40. Kg3
Kg7 41. Rf2 Kg6 42. Kg2 Rfxf3 43. Rxf3 Rxf3 44. Kxf3 b5 0-1

[Event "Lichtenberger Sommer 2023"]
[Site "Berlin"]
[Date "2023.08.12"]
[Round "1.43"]
[White "Jesse, Timo"]
[Black "Fiedler, Ronald"]
[Result "1-0"]
[WhiteElo "2034"]
[BlackElo "1642"]
[PlyCount "47"]
[EventDate "2023.??.??"]
[WhiteTeam "ESV 1949 Eberswalde e.V."]
[BlackTeam "SVG Läufer Reinickendorf e.V."]

1. e4 c5 2. Nc3 e6 3. f4 Nc6 4. Nf3 a6 5. g3 b5 6. Bg2 Bb7 7. O-O Qc7 8. d3 d6
9. Be3 Nf6 10. h3 Be7 11. Ne2 O-O 12. g4 e5 13. f5 d5 14. g5 Ne8 15. exd5 Nb4
16. c4 bxc4 17. dxc4 a5 18. a3 Na6 19. Nh4 Nd6 20. Rc1 f6 21. g6 h6 22. Ng3
Rfe8 23. Nh5 Bf8 24. Bxh6 1-0

[Event "Lichtenberger Sommer 2023"]
[Site "Berlin"]
[Date "2023.08.12"]
[Round "1.44"]
[White "Winkler, Michael"]
[Black "Sabrowski, Uwe"]
[Result "0-1"]
[WhiteElo "1642"]
[BlackElo "2016"]
[PlyCount "74"]
[EventDate "2023.??.??"]
[WhiteTeam "ESV 1949 Eberswalde e.V."]
[BlackTeam "SC Friesen Lichtenberg e.V."]

1. d4 f5 2. c4 Nf6 3. Nc3 g6 4. Nf3 Bg7 5. Bg5 O-O 6. Qd2 d6 7. g3 Qe8 8. Bxf6
Bxf6 9. Nd5 Na6 10. Nxf6+ Rxf6 11. Bg2 c6 12. h4 h5 13. Qh6 Qf8 14. Qf4 Bd7 15.
O-O Rb8 16. Rfd1 b5 17. c5 Nb4 18. Ng5 Qe8 19. e3 a5 20. a3 e5 21. Qf3 e4 22.
Qe2 Nd5 23. Qc2 Qf8 24. cxd6 Qxd6 25. Bxe4 fxe4 26. Nxe4 Bf5 27. Nxf6+ Nxf6 28.
Qc5 Qd7 29. f3 Be6 30. Rac1 Rc8 31. e4 Bc4 32. Qg5 Kg7 33. Rc3 a4 34. Re3 Rf8
35. Qe5 Qh3 36. d5 Qd7 37. dxc6 Qxd1+ 0-1

[Event "Lichtenberger Sommer 2023"]
[Site "Berlin"]
[Date "2023.08.12"]
[Round "1.45"]
[White "Keusch, Horst"]
[Black "Ellert, Stefan"]
[Result "0-1"]
[WhiteElo "2000"]
[BlackElo "1630"]
[PlyCount "124"]
[EventDate "2023.??.??"]
[WhiteTeam "SC Friesen Lichtenberg e.V."]
[BlackTeam "SV Empor Berlin e.V."]

1. f4 d5 2. Nf3 c5 3. e3 Nf6 4. b3 Nc6 5. Bb2 Bg4 6. Bb5 e6 7. O-O Qb6 8. a4 a6
9. Bxc6+ Qxc6 10. Qe1 Bxf3 11. Rxf3 O-O-O 12. d3 Bd6 13. Nd2 Rde8 14. c4 Kb8
15. Rc1 e5 16. cxd5 Qxd5 17. e4 Qe6 18. f5 Qd7 19. Nc4 Qe7 20. Kh1 h5 21. Qg1
Rc8 22. Qe1 Nd7 23. Rg3 Rhg8 24. Qe2 Nf6 25. Qd2 Bc7 26. Qc3 Nd7 27. Ne3 Bd6
28. Rh3 Rh8 29. Rf1 f6 30. Nc4 Bc7 31. Qd2 b5 32. axb5 axb5 33. Ne3 Nb6 34. Qa5
Qd7 35. Rc1 Kb7 36. Rxc5 Qxd3 37. Qxb5 Qb1+ 38. Bc1 Qxe4 39. Rf3 Bd6 40. Rc4
Rxc4 41. bxc4 Rc8 42. Rf1 Qc6 43. Qb3 Qa4 44. Qb1 Qb4 45. Qd3 Nxc4 46. Qd5+ Rc6
47. h3 Qc5 48. Qf3 Kb8 49. Nxc4 Qxc4 50. Be3 e4 51. Rb1+ Kc7 52. Qxh5 Qa2 53.
Rd1 Qb3 54. Bg1 Rc3 55. Qg4 Rg3 56. Rc1+ Kd7 57. Qh4 Qb2 58. Qxe4 Qxc1 59. Qe6+
Kc7 60. Qf7+ Kb8 61. Qa7+ Kc8 62. Qa8+ Kd7 0-1

[Event "Lichtenberger Sommer 2023"]
[Site "Berlin"]
[Date "2023.08.12"]
[Round "1.46"]
[White "von Huebschmann, Andreas"]
[Black "Beyer, Lorenz"]
[Result "0-1"]
[WhiteElo "1617"]
[BlackElo "1994"]
[PlyCount "52"]
[EventDate "2023.??.??"]
[WhiteTeam "vereinslos"]
[BlackTeam "Barnimer SF im SV Sta"]

1. d4 d5 2. c4 e6 3. Nc3 Nf6 4. cxd5 exd5 5. e3 c6 6. Nf3 Bd6 7. Bd3 O-O 8. O-O
Re8 9. Qc2 Nbd7 10. e4 dxe4 11. Nxe4 Nxe4 12. Bxe4 Nf6 13. Bg5 h6 14. Bxf6 Qxf6
15. Rfe1 Bg4 16. Qc3 Qf4 17. g3 Qf6 18. Ne5 Be6 19. f4 Rac8 20. Rac1 Red8 21.
a3 Bc7 22. f5 Bd5 23. Ng4 Qg5 24. Qf3 Bb6 25. h4 Bxe4 26. Rxe4 Qxc1+ 0-1

[Event "Lichtenberger Sommer 2023"]
[Site "Berlin"]
[Date "2023.08.12"]
[Round "1.47"]
[White "Möller, Jared William"]
[Black "Teusch, Lucas"]
[Result "1-0"]
[WhiteElo "1979"]
[BlackElo "1605"]
[PlyCount "45"]
[EventDate "2023.??.??"]
[WhiteTeam "SV Glück auf Rüdersdorf e.V."]
[BlackTeam "Leegebrucher SF"]

1. d4 Nf6 2. c4 e6 3. Nf3 d5 4. g3 c6 5. Bg2 Bb4+ 6. Nbd2 O-O 7. O-O Nbd7 8.
Qc2 Qe7 9. e4 dxe4 10. Nxe4 Nxe4 11. Qxe4 Nf6 12. Qe2 Re8 13. Ne5 Nd7 14. a3
Bd6 15. Bf4 c5 16. dxc5 Bxe5 17. Bxe5 Qxc5 18. Bc3 Nb6 19. b3 f6 20. Rfd1 e5
21. Bb4 Qc7 22. Bd6 Qf7 23. c5 1-0

[Event "Lichtenberger Sommer 2023"]
[Site "Berlin"]
[Date "2023.08.12"]
[Round "1.48"]
[White "Beduschi, Ben"]
[Black "Witte, Ronald"]
[Result "0-1"]
[WhiteElo "1604"]
[BlackElo "1973"]
[PlyCount "124"]
[EventDate "2023.??.??"]
[WhiteTeam "Barnimer SF im SV Sta"]
[BlackTeam "BSV 63 Chemie Weißensee"]

1. d4 d5 2. Bf4 Nf6 3. e3 c5 4. c3 Qb6 5. Qc2 Nc6 6. Nf3 cxd4 7. exd4 Bf5 8.
Qb3 e6 9. h3 Be7 10. Be2 Nd7 11. Nbd2 O-O 12. O-O Rac8 13. Qxb6 Nxb6 14. Rac1
Rfd8 15. Rfe1 h6 16. Bd1 Bd6 17. Bxd6 Rxd6 18. Bb3 Na5 19. Bc2 Bxc2 20. Rxc2
Nac4 21. Nxc4 Nxc4 22. Ne5 Nxe5 23. Rxe5 b5 24. f4 b4 25. f5 bxc3 26. fxe6 fxe6
27. Re3 Rc4 28. Rexc3 (28. Rcxc3 Rxd4 29. Rc8+ Kh7 30. Rc7 e5 31. Rxa7 e4 32.
Kf2 Rf6+ 33. Ke2 Rd3 34. Ra3 Rd4 35. Ra7 Rb4 36. Rd7 Rxb2+ 37. Ke1 Rxa2 38.
Rxd5 Rxg2 39. Rxe4) 28... Rxd4 29. Rc8+ Kh7 30. R8c7 e5 31. Rxa7 e4 32. Kf2
Rf6+ 33. Ke2 Rd3 34. Rc3 Rd4 35. Rd7 Rb4 36. Rxd5 Rxb2+ 37. Ke3 Rxa2 38. Kxe4
Rxg2 39. Rdd3 Re2+ 40. Kd4 Rd6+ 41. Kc4 Re4+ 42. Kc5 Rxd3 43. Rxd3 Re5+ 44. Kd6
Re1 45. Rg3 g5 46. h4 Kg6 47. hxg5 hxg5 48. Kd5 Kf5 49. Rf3+ Kg4 50. Rf8 Kg3
51. Rg8 g4 52. Kd4 Kf3 53. Rf8+ Kg2 54. Rg8 g3 55. Kd3 Kf2 56. Rf8+ Kg1 57. Rg8
g2 58. Rh8 Re5 59. Rh7 Kf2 60. Rf7+ Kg3 61. Rg7+ Kf3 62. Kd2 Re4 0-1

[Event "Lichtenberger Sommer 2023"]
[Site "Berlin"]
[Date "2023.08.12"]
[Round "1.49"]
[White "Steiger, Michael"]
[Black "Christen, Jan"]
[Result "1/2-1/2"]
[WhiteElo "1966"]
[BlackElo "1604"]
[PlyCount "27"]
[EventDate "2023.??.??"]
[WhiteTeam "SC Kreuzberg e.V."]
[BlackTeam "Barnimer SF im SV Sta"]

1. Nf3 Nf6 2. c4 c6 3. d4 d5 4. Qc2 e6 5. g3 Bb4+ 6. Bd2 Be7 7. Bg2 O-O 8. O-O
Nbd7 9. Bf4 b6 10. Nbd2 Nh5 11. Be3 Nhf6 12. Bf4 Nh5 13. Be3 Nhf6 14. Bf4
1/2-1/2

[Event "Lichtenberger Sommer 2023"]
[Site "Berlin"]
[Date "2023.08.12"]
[Round "1.50"]
[White "Vaz da Cruz, Vinicius"]
[Black "Stärk, Elisa"]
[Result "0-1"]
[WhiteElo "1600"]
[BlackElo "1965"]
[PlyCount "76"]
[EventDate "2023.??.??"]
[WhiteTeam "SSV Rotation Berlin e.V."]
[BlackTeam "SV Empor Berlin e.V."]

1. e4 c5 2. Nf3 d6 3. d4 cxd4 4. Nxd4 Nf6 5. Nc3 a6 6. Be3 e6 7. f3 Nbd7 8. Qd2
h5 9. Bc4 Ne5 10. Bb3 b5 11. O-O-O Bd7 12. f4 b4 13. fxe5 bxc3 14. Qd3 cxb2+
15. Kxb2 dxe5 16. Nf3 Qa5 17. Bg5 Ba3+ 18. Kb1 Rd8 19. Bxf6 gxf6 20. c4 Ke7 21.
Qd2 Qxd2 22. Rxd2 Bc6 23. Rhd1 Bxe4+ 24. Ka1 Bb4 25. Kb2 Bxd2 26. Nxd2 Bxg2 27.
Kc3 h4 28. Bc2 f5 29. Rb1 e4 30. Re1 Rd7 31. Nf1 Bxf1 32. Rxf1 Rg8 33. Rf2 h3
34. Ba4 Rd3+ 35. Kb2 Rg2 36. Rc2 Rdd2 37. Kc1 Rxc2+ 38. Bxc2 Rxh2 0-1

[Event "Lichtenberger Sommer 2023"]
[Site "Berlin"]
[Date "2023.08.12"]
[Round "1.51"]
[White "Heerde, Thomas"]
[Black "Hoppe, Arthur"]
[Result "1-0"]
[WhiteElo "1956"]
[BlackElo "1591"]
[PlyCount "95"]
[EventDate "2023.??.??"]
[WhiteTeam "SK Zehlendorf e.V."]
[BlackTeam "SC Kreuzberg e.V."]

1. Nf3 Nf6 2. g3 g6 3. Bg2 Bg7 4. O-O O-O 5. d3 d5 6. Nbd2 c5 7. e4 Nc6 8. Re1
Qc7 9. c3 Rd8 10. Qe2 dxe4 11. dxe4 Rb8 12. Nc4 e5 13. Bg5 Be6 14. h4 h6 15.
Bxf6 Bxf6 16. Nfd2 b5 17. Ne3 b4 18. Nd5 Bxd5 19. exd5 Ne7 20. Ne4 Nxd5 21. c4
Bxh4 22. cxd5 Be7 23. Rac1 Kg7 24. Qc4 Rbc8 25. Rc2 f5 26. Nd2 e4 27. Nb3 Qe5
28. Rd1 h5 29. Re2 h4 30. gxh4 Bxh4 31. d6 Rxd6 32. Rxd6 Qxd6 33. Rd2 Qf4 34.
Qe2 c4 35. Nd4 Kf6 36. Nb5 c3 37. bxc3 bxc3 38. Rc2 Rc5 39. Nxc3 Qe5 40. Qa6+
Kg5 41. Qxa7 Rc8 42. Nxe4+ fxe4 43. Qe3+ Kf6 44. Rxc8 Qa1+ 45. Rc1 Qxa2 46.
Qf4+ Kg7 47. Rc7+ Kg8 48. Rc8+ 1-0

[Event "Lichtenberger Sommer 2023"]
[Site "Berlin"]
[Date "2023.08.12"]
[Round "1.52"]
[White "Hafermann, Lara"]
[Black "Rogozenco, Teodora"]
[Result "0-1"]
[WhiteElo "1590"]
[BlackElo "1952"]
[PlyCount "88"]
[EventDate "2023.??.??"]
[WhiteTeam "SC Borussia Lichtenberg"]
[BlackTeam "Hamburger SK von 1830 eV"]

1. Nf3 Nf6 2. d4 g6 3. c4 Bg7 4. Nc3 O-O 5. e4 d6 6. Bd3 e5 7. Bg5 Nc6 8. d5
Nd4 9. Nxd4 exd4 10. Ne2 Qe8 11. Ng3 Nxe4 12. Nxe4 f5 13. Qe2 fxe4 14. Bxe4 Bf5
15. f3 Bxe4 16. fxe4 d3 17. Qxd3 Bxb2 18. Rb1 Qe5 19. Qc2 Bc3+ 20. Kd1 Bd4 21.
Bd2 b6 22. Rb3 Rf2 23. Rg3 Raf8 24. Qd3 Qh5+ 25. Kc1 Be5 26. Rg5 Qe2 27. Qxe2
Rxe2 28. Re1 Rxe1+ 29. Bxe1 Bf4+ 30. Bd2 Bxg5 31. Bxg5 Re8 32. Kd2 Rxe4 33. Kd3
Re8 34. g4 Kg7 35. Bd2 Kf7 36. g5 Ke7 37. Bc3 Kd7 38. a4 Rf8 39. Bf6 Rxf6 40.
gxf6 Ke8 41. Kc3 Kf7 42. Kb4 Kxf6 43. Kb5 Ke7 44. Kc6 Kd8 0-1